Social responsibility and quality issues of competitiveness and sustainable development /

Elmentve itt :
Bibliográfiai részletek
Szerző: Kis Krisztián
Dokumentumtípus: Könyv része
Megjelent: Wydawnictwo Uniwersytetu Ekonomicznego w Poznaniu Poznan 2021
Sorozat:Sustainability and sustainable development
Tárgyszavak:
doi:10.18559/978-83-8211-074-6/II6

mtmt:32283556
Online Access:http://publicatio.bibl.u-szeged.hu/22592
LEADER 00927naa a2200217 i 4500
001 publ22592
005 20211008142102.0
008 211008s2021 hu o 0|| Angol d
020 |a 9788382110746 
024 7 |a 10.18559/978-83-8211-074-6/II6  |2 doi 
024 7 |a 32283556  |2 mtmt 
040 |a SZTE Publicatio Repozitórium  |b hun 
041 |a Angol 
100 1 |a Kis Krisztián 
245 1 0 |a Social responsibility and quality  |h [elektronikus dokumentum] :  |b issues of competitiveness and sustainable development /  |c  Kis Krisztián 
260 |a Wydawnictwo Uniwersytetu Ekonomicznego w Poznaniu  |b Poznan  |c 2021 
300 |a 16 
300 |a 135-150 
490 0 |a Sustainability and sustainable development 
650 4 |a Közgazdasági és gazdálkodástudományok 
856 4 0 |u http://publicatio.bibl.u-szeged.hu/22592/1/2.6.K.KisSocialresponsibilityandqualityissuesofcompetitivenessandsustainabledevelopmentpp.135-150.pdf  |z Dokumentum-elérés